00521nam a22001817a 450000500170000001000150001702000260003203500140005803700090007208200140008110000190009524500900011425000060020426000400021027000440025030000200029470000250031420241010164313.0 aENG-142077 c595.00a9789393662217 aEN-125609 bDBAD a001.4224 aSaha, Indranil aEssential of Biostatistics & Research Methodology/cBy Indranil Saha [and] Bobby Paul a4 c2023bAcademic PublishersaKolkatta a5A Bhawani Dutta LanebKolkattae700073 a444p.c24cm(hb) aPaul, Bobby eAuthor